000 00709cab a22001935a 4500
001 L137468
008 070410s2007 xxko f 000 0 eng d
035 _a(Sirsi) u137468
041 0 _aeng
100 1 _aShulman, Nicolas
245 0 0 _aOwning flats in England and Wales
260 _c2007
490 _aNews on the Block
_v(32) March 2007, 18-19(2)
520 _aDescribes the three forms of property ownership in England and Wales ? freehold, leasehold and commonhold. Discusses the ownership of apartments and the issues particular to a leasehold property.
590 _aKA
651 4 _aEngland and Wales
_y1543-
690 _aPROPERTY-RESIDENTIAL PROPERTY-RESIDENTIAL PROPERTY TENURE
942 _n0
999 _c78617
_d78617